[Event "Bundesliga 9697"]
[Site "Deutschland"]
[Date "1996.??.??"]
[Round "?.3"]
[White "Mueller, Karsten"]
[Black "Lanka, Zigurds"]
[Result "1/2-1/2"]
[WhiteElo "2490"]
[BlackElo "2545"]
[PlyCount "120"]
[EventDate "1996.10.??"]
[EventType "team"]
[EventRounds "15"]
[EventCountry "GER"]
[SourceTitle "Bundesliga 9697"]
[Source "DeepChess"]
[SourceDate "2005.01.01"]
[SourceVersion "1"]
[SourceVersionDate "2005.01.01"]
[SourceQuality "1"]
[WhiteTeam "Hamburger SK 1830 e.V."]
[BlackTeam "Dresdner SC 1898"]
[WhiteTeamCountry "GER"]
[BlackTeamCountry "GER"]

1. e4 c5 2. Nf3 Nc6 3. d4 cxd4 4. Nxd4 Nf6 5. Nc3 d6 6. Bc4 e6 7. Bb3 Be7 8.
Be3 O-O 9. O-O Bd7 10. f4 Nxd4 11. Bxd4 Bc6 12. Qd3 b5 13. Nxb5 Bxe4 14. Qe2
Qb8 15. Rad1 Bc6 16. a4 a6 17. Nc3 Qb4 18. Kh1 Kh8 19. Rd3 Rae8 20. Qd2 Bd8 21.
Re1 Qb8 22. Rg3 Rg8 23. Rh3 Bb6 24. Qd3 Bxd4 25. Qxd4 Qb7 26. Rg3 Rd8 27. Re2
a5 28. Rd3 Rd7 29. Nb5 Rgd8 30. Qc4 Be4 31. Rd1 d5 32. Qd4 Bg6 33. Rf1 Ne4 34.
g4 f6 35. Rg2 Qb8 36. f5 e5 37. Qe3 Bf7 38. h4 Qb7 39. Re1 Nd6 40. Nxd6 Rxd6
41. Qd2 Qc7 42. Reg1 d4 43. Bxf7 Qxf7 44. Qxa5 Qb7 45. Kh2 Rc8 46. Qd2 Qxb2 47.
g5 Rg8 48. Qe2 Qb8 49. Kh1 Qa8 50. Kh2 e4 51. Rg4 d3 52. Qxe4 Qb8 53. Kh3 Re8
54. Qf3 dxc2 55. gxf6 Rxf6 56. Rc4 Qe5 57. Rxc2 Rxf5 58. Qc3 Qe7 59. Re2 Re5
60. Rxe5 Qxe5 1/2-1/2

[Event "Bundesliga 9697"]
[Site "Deutschland"]
[Date "1996.??.??"]
[Round "?.4"]
[White "Uhlmann, Wolfgang"]
[Black "Movsziszian, Karen"]
[Result "1-0"]
[WhiteElo "2460"]
[BlackElo "2470"]
[PlyCount "105"]
[EventDate "1996.10.??"]
[EventType "team"]
[EventRounds "15"]
[EventCountry "GER"]
[SourceTitle "Bundesliga 9697"]
[Source "DeepChess"]
[SourceDate "2005.01.01"]
[SourceVersion "1"]
[SourceVersionDate "2005.01.01"]
[SourceQuality "1"]
[WhiteTeam "Dresdner SC 1898"]
[BlackTeam "Hamburger SK 1830 e.V."]
[WhiteTeamCountry "GER"]
[BlackTeamCountry "GER"]

1. c4 f5 2. d4 Nf6 3. Nf3 g6 4. g3 Bg7 5. Bg2 O-O 6. Nc3 d6 7. d5 a5 8. O-O Na6
9. Be3 h6 10. a3 Bd7 11. Rb1 c5 12. dxc6 bxc6 13. b4 axb4 14. axb4 Ng4 15. Bd2
e5 16. h3 Nf6 17. b5 cxb5 18. cxb5 Nc5 19. Be3 Nce4 20. Nxe4 fxe4 21. Qb3+ Rf7
22. Nd2 d5 23. f4 exf3 24. Nxf3 Qe7 25. b6 Ra3 26. Qb4 Qxb4 27. Rxb4 Rxe3 28.
b7 Rf8 29. b8=Q Rxb8 30. Rxb8+ Kf7 31. Rb7 Ke6 32. Ra1 Bf8 33. Ra6+ Bd6 34.
Rbb6 Ne8 35. Kf2 Rc3 36. Nh4 Bc8 37. Ra5 e4 38. Nxg6 Kf7 39. Rxd6 Nxd6 40. Rxd5
e3+ 41. Kg1 Nf5 42. g4 Kxg6 43. Be4 Kg5 44. Kh2 Rc1 45. Ra5 Re1 46. Bd3 Rf1 47.
Bxf5 Bxf5 48. Kg3 Rg1+ 49. Kf3 Kh4 50. Rxf5 Rg3+ 51. Kf4 Kxh3 52. Rh5+ Kg2 53.
Rxh6 1-0

[Event "Bundesliga 9697"]
[Site "Deutschland"]
[Date "1996.??.??"]
[Round "?.5"]
[White "Michaelsen, Nils"]
[Black "Maiwald, Jens Uwe"]
[Result "1-0"]
[WhiteElo "2440"]
[BlackElo "2490"]
[PlyCount "83"]
[EventDate "1996.10.??"]
[EventType "team"]
[EventRounds "15"]
[EventCountry "GER"]
[SourceTitle "Bundesliga 9697"]
[Source "DeepChess"]
[SourceDate "2005.01.01"]
[SourceVersion "1"]
[SourceVersionDate "2005.01.01"]
[SourceQuality "1"]
[WhiteTeam "Hamburger SK 1830 e.V."]
[BlackTeam "Dresdner SC 1898"]
[WhiteTeamCountry "GER"]
[BlackTeamCountry "GER"]

1. d4 d6 2. c4 e5 3. Nf3 Nd7 4. Nc3 g6 5. e4 Bg7 6. Be2 Ngf6 7. O-O O-O 8. Be3
c6 9. d5 c5 10. Ne1 Ne8 11. g4 Nb6 12. Kh1 f5 13. gxf5 gxf5 14. exf5 Bxf5 15.
Nf3 Nf6 16. Ng5 Qe7 17. Rg1 Kh8 18. f3 e4 19. f4 h6 20. Ne6 Bxe6 21. dxe6 Qxe6
22. f5 Qxf5 23. Qxd6 Rad8 24. Qxc5 Qe6 25. Rg6 Rc8 26. Qb5 Qh3 27. Rg3 Qd7 28.
Rag1 Rf7 29. c5 Qxb5 30. Nxb5 Nbd5 31. Nd6 Rfc7 32. Nxc8 Nxe3 33. Rxe3 Rxc8 34.
b4 Re8 35. Rd1 Re5 36. Bc4 h5 37. h3 Bh6 38. Re2 h4 39. Rg2 Bg5 40. Rdg1 Bf4
41. Rg6 Nh5 42. R1g4 1-0

[Event "Bundesliga 9697"]
[Site "Deutschland"]
[Date "1996.??.??"]
[Round "?.6"]
[White "Borriss, Martin"]
[Black "Loeffler, Stefan"]
[Result "1/2-1/2"]
[WhiteElo "2425"]
[BlackElo "2410"]
[PlyCount "133"]
[EventDate "1996.10.??"]
[EventType "team"]
[EventRounds "15"]
[EventCountry "GER"]
[SourceTitle "Bundesliga 9697"]
[Source "DeepChess"]
[SourceDate "2005.01.01"]
[SourceVersion "1"]
[SourceVersionDate "2005.01.01"]
[SourceQuality "1"]
[WhiteTeam "Dresdner SC 1898"]
[BlackTeam "Hamburger SK 1830 e.V."]
[WhiteTeamCountry "GER"]
[BlackTeamCountry "GER"]

1. e4 Nf6 2. e5 Nd5 3. d4 d6 4. Nf3 dxe5 5. Nxe5 g6 6. Bc4 c6 7. Nd2 a5 8. a4
Nd7 9. Nd3 Nb4 10. Nf3 Nxd3+ 11. Qxd3 Nb6 12. Bb3 Bg7 13. O-O Bf5 14. Qe2 Nd5
15. Re1 O-O 16. Bg5 Re8 17. Rad1 Qb6 18. h3 Rad8 19. Ne5 Qc7 20. Ng4 Bxg4 21.
hxg4 Qb6 22. Qc4 Rd7 23. c3 e6 24. Bc1 Rde7 25. Re2 e5 26. Rde1 Re6 27. dxe5
Bxe5 28. Ba2 Bg3 29. Kh1 Qxf2 30. Rxf2 Rxe1+ 31. Rf1 R8e2 32. Qxe2 Rxe2 33. Rd1
Kg7 34. Kg1 Nf6 35. Rf1 Re1 36. g5 Ne4 37. Rxe1 Bxe1 38. Be3 Bh4 39. Bd4+ Kf8
40. Bb1 Nxg5 41. Bb6 Ne6 42. Bxa5 Bd8 43. Bxd8 Nxd8 44. Kf2 Ke7 45. Ke3 Kd6 46.
b4 Ne6 47. g4 Ke5 48. a5 Nc7 49. Be4 Nd5+ 50. Kd3 h5 51. gxh5 gxh5 52. Bh1 f5
53. Kc4 Kd6 54. Kd4 h4 55. b5 Nc7 56. bxc6 bxc6 57. Ke3 Nd5+ 58. Kd4 h3 59. a6
Nc7 60. Ke3 Nd5+ 61. Bxd5 cxd5 62. a7 h2 63. a8=Q h1=Q 64. Qf8+ Ke6 65. Qe8+
Kd6 66. Qf8+ Kc6 67. Qc8+ 1/2-1/2

[Event "Bundesliga 9697"]
[Site "Deutschland"]
[Date "1996.??.??"]
[Round "?.7"]
[White "Heinemann, Thies"]
[Black "Heinatz, Thomas"]
[Result "1-0"]
[WhiteElo "2420"]
[BlackElo "2380"]
[PlyCount "43"]
[EventDate "1996.10.??"]
[EventType "team"]
[EventRounds "15"]
[EventCountry "GER"]
[SourceTitle "Bundesliga 9697"]
[Source "DeepChess"]
[SourceDate "2005.01.01"]
[SourceVersion "1"]
[SourceVersionDate "2005.01.01"]
[SourceQuality "1"]
[WhiteTeam "Hamburger SK 1830 e.V."]
[BlackTeam "Dresdner SC 1898"]
[WhiteTeamCountry "GER"]
[BlackTeamCountry "GER"]

1. e4 g6 2. d4 Bg7 3. Nf3 d6 4. Nc3 Bg4 5. Be2 Nc6 6. Be3 e5 7. d5 Nce7 8. Nd2
Bd7 9. O-O f5 10. f4 Bh6 11. Qe1 Nf6 12. Qh4 Bg7 13. fxe5 dxe5 14. Bg5 O-O 15.
Nc4 b5 16. Nxe5 b4 17. Bc4 Be8 18. d6+ Kh8 19. dxe7 Qxe7 20. Nd3 bxc3 21. e5
cxb2 22. Rae1 1-0

[Event "Bundesliga 9697"]
[Site "Deutschland"]
[Date "1996.??.??"]
[Round "?.8"]
[White "Wegener, Dirk"]
[Black "Sievers, Stefan"]
[Result "0-1"]
[WhiteElo "2320"]
[BlackElo "2380"]
[PlyCount "86"]
[EventDate "1996.10.??"]
[EventType "team"]
[EventRounds "15"]
[EventCountry "GER"]
[SourceTitle "Bundesliga 9697"]
[Source "DeepChess"]
[SourceDate "2005.01.01"]
[SourceVersion "1"]
[SourceVersionDate "2005.01.01"]
[SourceQuality "1"]
[WhiteTeam "Dresdner SC 1898"]
[BlackTeam "Hamburger SK 1830 e.V."]
[WhiteTeamCountry "GER"]
[BlackTeamCountry "GER"]

1. e4 c5 2. Nf3 d6 3. d4 cxd4 4. Nxd4 Nf6 5. Nc3 g6 6. f3 Bg7 7. Be3 Nc6 8. Qd2
O-O 9. Bc4 Bd7 10. h4 Qa5 11. Nb3 Qc7 12. h5 Nxh5 13. Nd5 Qd8 14. O-O-O Ne5 15.
Be2 Ng3 16. Bh6 Nxh1 17. Rxh1 Bh8 18. g4 e6 19. Nc3 b5 20. f4 Nc4 21. Bxc4 bxc4
22. Qh2 Qe7 23. Bxf8 Kxf8 24. Qxh7 Bg7 25. Nd4 Rb8 26. Rd1 Be8 27. Qh3 Qb7 28.
b3 Qb4 29. Nce2 Rc8 30. Kb1 c3 31. Qe3 Rc4 32. e5 dxe5 33. fxe5 Rc5 34. Nf3 Bb5
35. Rd4 Qa3 36. Nxc3 Bc6 37. Qg5 Rxc3 38. Rd8+ Be8 39. Nd4 Qe7 40. Qd2 Rc7 41.
Nf3 Rd7 42. Rxd7 Qxd7 43. Qe3 Kg8 0-1

[Event "Bundesliga 9697"]
[Site "Deutschland"]
[Date "1997.??.??"]
[Round "?.7"]
[White "Goldberg, Alexander"]
[Black "Schmitz, Joachim"]
[Result "1-0"]
[WhiteElo "2390"]
[BlackElo "2197"]
[PlyCount "61"]
[EventDate "1996.10.??"]
[EventType "team"]
[EventRounds "15"]
[EventCountry "GER"]
[SourceTitle "Bundesliga 9697"]
[Source "DeepChess"]
[SourceDate "2005.01.01"]
[SourceVersion "1"]
[SourceVersionDate "2005.01.01"]
[SourceQuality "1"]
[WhiteTeam "Dresdner SC 1898"]
[BlackTeam "PSV Turm Duisburg 1920 e.V."]
[WhiteTeamCountry "GER"]
[BlackTeamCountry "GER"]

1. e4 c6 2. d4 d5 3. e5 Bf5 4. h4 h5 5. c4 dxc4 6. Bxc4 e6 7. Nc3 Nd7 8. Nge2
Nb6 9. Bb3 Ne7 10. Bg5 Qd7 11. Qd2 Ned5 12. O-O Nxc3 13. bxc3 Be7 14. Ng3 Bg6
15. f3 f6 16. exf6 gxf6 17. Bh6 O-O-O 18. Rae1 Nd5 19. Ne4 Kb8 20. Bg7 Rh7 21.
Nxf6 Nxf6 22. Bxf6 Bf5 23. Bxe7 Qxe7 24. Qf4+ Ka8 25. Re5 Rg7 26. Rfe1 Qf7 27.
Kh1 Rg6 28. Bc2 Rdg8 29. Bxf5 exf5 30. Rxf5 Qg7 31. Rf7 1-0

[Event "Bundesliga 9697"]
[Site "Deutschland"]
[Date "1997.??.??"]
[Round "?.1"]
[White "Almasi, Zoltan"]
[Black "Unzicker, Wolfgang"]
[Result "1-0"]
[WhiteElo "2595"]
[BlackElo "2435"]
[PlyCount "63"]
[EventDate "1996.10.??"]
[EventType "team"]
[EventRounds "15"]
[EventCountry "GER"]
[SourceTitle "Bundesliga 9697"]
[Source "DeepChess"]
[SourceDate "2005.01.01"]
[SourceVersion "1"]
[SourceVersionDate "2005.01.01"]
[SourceQuality "1"]
[WhiteTeam "Dresdner SC 1898"]
[BlackTeam "PSV Turm Duisburg 1920 e.V."]
[WhiteTeamCountry "GER"]
[BlackTeamCountry "GER"]

1. e4 e5 2. Nf3 Nc6 3. Bb5 a6 4. Ba4 Nf6 5. O-O Nxe4 6. d4 b5 7. Bb3 d5 8. dxe5
Be6 9. Nbd2 Be7 10. Nxe4 dxe4 11. Bxe6 fxe6 12. Ng5 Qd5 13. Qh5+ g6 14. Qh3 Nd4
15. c3 Nf5 16. Re1 Bxg5 17. Bxg5 Qxe5 18. Rad1 Nd6 19. Bh6 O-O-O 20. Qe3 Kb7
21. Bf4 Qf5 22. b3 Rd7 23. c4 e5 24. Bg3 bxc4 25. Qc5 cxb3 26. Bxe5 Re8 27.
Qd5+ c6 28. Qxb3+ Nb5 29. Bg3 Ka7 30. a4 Nc7 31. Qe3+ Ka8 32. Qb6 1-0

[Event "Bundesliga 9697"]
[Site "Deutschland"]
[Date "1997.??.??"]
[Round "?.2"]
[White "Enders, Peter"]
[Black "Bologan, Viktor"]
[Result "1-0"]
[WhiteElo "2520"]
[BlackElo "2575"]
[PlyCount "83"]
[EventDate "1996.10.??"]
[EventType "team"]
[EventRounds "15"]
[EventCountry "GER"]
[SourceTitle "Bundesliga 9697"]
[Source "DeepChess"]
[SourceDate "2005.01.01"]
[SourceVersion "1"]
[SourceVersionDate "2005.01.01"]
[SourceQuality "1"]
[WhiteTeam "PSV Turm Duisburg 1920 e.V."]
[BlackTeam "Dresdner SC 1898"]
[WhiteTeamCountry "GER"]
[BlackTeamCountry "GER"]

1. e4 g6 2. d4 Bg7 3. Nf3 d6 4. Be2 Nf6 5. Nc3 O-O 6. O-O c6 7. Bg5 h6 8. Be3
Nbd7 9. a4 e5 10. dxe5 dxe5 11. Nd2 Qe7 12. Nc4 Nc5 13. Qd6 Qxd6 14. Nxd6 Ne6
15. Rfd1 Bd7 16. Nc4 Nd4 17. Bxd4 exd4 18. Rxd4 Nd5 19. Rd3 Nxc3 20. bxc3 Be6
21. Ne3 Rfd8 22. Rb1 b6 23. h3 Rxd3 24. cxd3 Bxc3 25. Rc1 Bd2 26. Rxc6 Bxe3 27.
fxe3 Bb3 28. a5 bxa5 29. Ra6 a4 30. Kf2 Rc8 31. Rxa7 Rc2 32. Kf3 Ra2 33. d4 Kg7
34. e5 Ra3 35. Bd3 Ra1 36. e4 a3 37. d5 Kf8 38. e6 fxe6 39. d6 Rd1 40. Ke2 a2
41. Ra8+ Kf7 42. d7 1-0

[Event "Bundesliga 9697"]
[Site "Deutschland"]
[Date "1997.??.??"]
[Round "?.3"]
[White "Teske, Henrik"]
[Black "Kraut, Rainer"]
[Result "0-1"]
[WhiteElo "2500"]
[BlackElo "2455"]
[PlyCount "86"]
[EventDate "1996.10.??"]
[EventType "team"]
[EventRounds "15"]
[EventCountry "GER"]
[SourceTitle "Bundesliga 9697"]
[Source "DeepChess"]
[SourceDate "2005.01.01"]
[SourceVersion "1"]
[SourceVersionDate "2005.01.01"]
[SourceQuality "1"]
[WhiteTeam "Dresdner SC 1898"]
[BlackTeam "PSV Turm Duisburg 1920 e.V."]
[WhiteTeamCountry "GER"]
[BlackTeamCountry "GER"]

1. d4 d5 2. Nf3 Nf6 3. c4 dxc4 4. Nc3 Nc6 5. e4 Bg4 6. Be3 e6 7. Bxc4 Bb4 8.
Qc2 O-O 9. O-O-O Bxc3 10. bxc3 Qe7 11. h3 Bh5 12. Bd3 e5 13. d5 Na5 14. g4 Bg6
15. h4 h5 16. gxh5 Bxh5 17. Rh3 c6 18. Bg5 cxd5 19. exd5 Rac8 20. d6 Qd7 21.
Bf5 Rxc3 22. Bxd7 Rxc2+ 23. Kxc2 Nxd7 24. Rc1 f6 25. Bd2 Nc4 26. Bb4 a5 27. Nd2
Bg6+ 28. Kb3 b5 29. Nxc4 bxc4+ 30. Rxc4 Rb8 31. Kc3 axb4+ 32. Rxb4 Ra8 33. a4
Ra6 34. h5 Bf5 35. Rf3 Be6 36. Rd3 Kf7 37. f4 Nc5 38. Rf3 e4 39. Rf1 Nxa4+ 40.
Kd4 Rxd6+ 41. Kxe4 Nc5+ 42. Kf3 Rd3+ 43. Kf2 Rh3 0-1

[Event "Bundesliga 9697"]
[Site "Deutschland"]
[Date "1997.??.??"]
[Round "?.4"]
[White "Thesing, Matthias"]
[Black "Uhlmann, Wolfgang"]
[Result "1-0"]
[WhiteElo "2430"]
[BlackElo "2480"]
[PlyCount "45"]
[EventDate "1996.10.??"]
[EventType "team"]
[EventRounds "15"]
[EventCountry "GER"]
[SourceTitle "Bundesliga 9697"]
[Source "DeepChess"]
[SourceDate "2005.01.01"]
[SourceVersion "1"]
[SourceVersionDate "2005.01.01"]
[SourceQuality "1"]
[WhiteTeam "PSV Turm Duisburg 1920 e.V."]
[BlackTeam "Dresdner SC 1898"]
[WhiteTeamCountry "GER"]
[BlackTeamCountry "GER"]

1. e4 e6 2. d4 d5 3. exd5 exd5 4. Nf3 c6 5. c4 Nf6 6. Nc3 Bd6 7. Bd3 Qe7+ 8.
Be3 dxc4 9. Bxc4 Ng4 10. O-O Nxe3 11. fxe3 b5 12. Bd3 Qxe3+ 13. Kh1 O-O 14. Ne4
Be7 15. Ne5 Be6 16. Bc2 Rd8 17. Rf3 Qxd4 18. Rd3 Qb6 19. Bb3 Rxd3 20. Qxd3 Qc7
21. Nxf7 Bxf7 22. Rf1 Bf6 23. Ng5 1-0

[Event "Bundesliga 9697"]
[Site "Deutschland"]
[Date "1997.??.??"]
[Round "?.5"]
[White "Maiwald, Jens Uwe"]
[Black "Pirrot, Dieter"]
[Result "1-0"]
[WhiteElo "2495"]
[BlackElo "2415"]
[PlyCount "79"]
[EventDate "1996.10.??"]
[EventType "team"]
[EventRounds "15"]
[EventCountry "GER"]
[SourceTitle "Bundesliga 9697"]
[Source "DeepChess"]
[SourceDate "2005.01.01"]
[SourceVersion "1"]
[SourceVersionDate "2005.01.01"]
[SourceQuality "1"]
[WhiteTeam "Dresdner SC 1898"]
[BlackTeam "PSV Turm Duisburg 1920 e.V."]
[WhiteTeamCountry "GER"]
[BlackTeamCountry "GER"]

1. Nf3 Nf6 2. g3 g6 3. Bg2 Bg7 4. O-O O-O 5. d3 d5 6. c3 a5 7. Nbd2 c6 8. e4
dxe4 9. dxe4 a4 10. Qc2 Nbd7 11. Rd1 Qc7 12. Nc4 b5 13. Bf4 Qa7 14. Nce5 Nxe5
15. Nxe5 Qb6 16. Nxc6 Qxc6 17. e5 Qa6 18. exf6 Bxf6 19. Bxa8 Qxa8 20. Qd3 b4
21. Bh6 Bf5 22. Qd5 e6 23. Qxa8 Rxa8 24. a3 bxc3 25. bxc3 Bxc3 26. Rac1 Bb2 27.
Rc4 e5 28. Rxa4 Rc8 29. Rc4 Ra8 30. a4 Bd4 31. Rb4 Bc3 32. Rb7 Bd4 33. a5 g5
34. Rc1 f6 35. Rg7+ Kh8 36. Re7 e4 37. a6 Kg8 38. Rd1 Bc5 39. Rg7+ Kh8 40. Rc7
1-0

[Event "Bundesliga 9697"]
[Site "Deutschland"]
[Date "1997.??.??"]
[Round "?.6"]
[White "Prang, Edgar"]
[Black "Borriss, Martin"]
[Result "1/2-1/2"]
[WhiteElo "2330"]
[BlackElo "2440"]
[PlyCount "138"]
[EventDate "1996.10.??"]
[EventType "team"]
[EventRounds "15"]
[EventCountry "GER"]
[SourceTitle "Bundesliga 9697"]
[Source "DeepChess"]
[SourceDate "2005.01.01"]
[SourceVersion "1"]
[SourceVersionDate "2005.01.01"]
[SourceQuality "1"]
[WhiteTeam "PSV Turm Duisburg 1920 e.V."]
[BlackTeam "Dresdner SC 1898"]
[WhiteTeamCountry "GER"]
[BlackTeamCountry "GER"]

1. Nf3 g6 2. d4 Nf6 3. Bf4 Bg7 4. e3 c5 5. c3 cxd4 6. exd4 O-O 7. Bd3 d6 8. O-O
Nc6 9. Re1 Re8 10. h3 Nd5 11. Bg5 h6 12. Bh4 Nf4 13. Bc4 g5 14. Bg3 e5 15. Bxf4
gxf4 16. dxe5 dxe5 17. Qxd8 Rxd8 18. Na3 a6 19. Bb3 b5 20. Rad1 Rxd1 21. Rxd1
Ra7 22. Rd6 Rc7 23. Nc2 Bf8 24. Rd1 Kg7 25. a3 a5 26. Kh2 f6 27. g3 fxg3+ 28.
fxg3 b4 29. cxb4 axb4 30. axb4 Nxb4 31. Ne3 Bc5 32. Ng2 Rb7 33. Bc4 Nc6 34. b3
Nd4 35. Nxd4 Bxd4 36. Rd2 Ra7 37. Nh4 f5 38. Nf3 Bc3 39. Rc2 Ba1 40. Bd5 Bd7
41. g4 e4 42. Nh4 Ra5 43. Bb7 Rb5 44. Bc6 Bxc6 45. Rxc6 Be5+ 46. Kg2 f4 47.
Nf5+ Kf8 48. Rc4 e3 49. Re4 Rd5 50. Nh4 Rd2+ 51. Kf1 Bd6 52. Ke1 f3 53. Rxe3
f2+ 54. Kf1 Bc5 55. Rf3+ Kg8 56. Kg2 Rd1 57. Rxf2 Bxf2 58. Kxf2 Rd3 59. Nf3
Rxb3 60. Kg3 Kg7 61. Kf4 Kg6 62. h4 Rb4+ 63. Kg3 Ra4 64. Kh3 Kf7 65. Kg3 Ke6
66. h5 Ra3 67. Kf4 Ra4+ 68. Kg3 Kd5 69. g5 hxg5 1/2-1/2

[Event "Bundesliga 9697"]
[Site "Deutschland"]
[Date "1997.??.??"]
[Round "?.8"]
[White "Groth, Klaus Ulrich"]
[Black "Heinatz, Thomas"]
[Result "0-1"]
[WhiteElo "1873"]
[BlackElo "2380"]
[PlyCount "140"]
[EventDate "1996.10.??"]
[EventType "team"]
[EventRounds "15"]
[EventCountry "GER"]
[SourceTitle "Bundesliga 9697"]
[Source "DeepChess"]
[SourceDate "2005.01.01"]
[SourceVersion "1"]
[SourceVersionDate "2005.01.01"]
[SourceQuality "1"]
[WhiteTeam "PSV Turm Duisburg 1920 e.V."]
[BlackTeam "Dresdner SC 1898"]
[WhiteTeamCountry "GER"]
[BlackTeamCountry "GER"]

1. c4 g6 2. Nc3 Bg7 3. g3 e5 4. Bg2 d6 5. d3 Nc6 6. Nf3 f5 7. Bg5 Nce7 8. Nd5
h6 9. Nxe7 Nxe7 10. Bxe7 Qxe7 11. Nh4 Qf6 12. Qa4+ Bd7 13. Qc2 g5 14. Nf3 Bc6
15. O-O-O O-O 16. Ne1 e4 17. d4 Rae8 18. e3 a5 19. Qd2 b6 20. Nc2 d5 21. Na3
Qe7 22. Bf1 Ba4 23. Nc2 dxc4 24. Bxc4+ Kh8 25. b3 Bd7 26. Kb1 c6 27. Rc1 b5 28.
Be2 Be6 29. h4 g4 30. Rhd1 b4 31. Bc4 Bxc4 32. bxc4 Rb8 33. Na1 a4 34. c5 Rb5
35. Rc2 Rfb8 36. Rb2 Qf7 37. Rc1 Bf6 38. Kc2 Qc4+ 39. Kd1 Qf1+ 40. Qe1 Qd3+ 41.
Qd2 Qxd2+ 42. Kxd2 Kg7 43. Rcb1 Bd8 44. Nc2 Ba5 45. Ke2 Kf7 46. Ne1 b3 47. axb3
Rxb3 48. Rxb3 Rxb3 49. Ra1 Rb2+ 50. Kf1 Bc3 51. Rc1 Bd2 52. Ra1 a3 53. Rxa3 Rb1
54. Ra6 Rxe1+ 55. Kg2 Re2 56. Kf1 Re1+ 57. Kg2 Rc1 58. Rxc6 Rc2 59. Rxh6 Bxe3
60. Rh7+ Ke6 61. Rc7 Bxd4 62. c6 Bb6 63. Rc8 Kd6 64. h5 e3 65. Re8 Rxf2+ 66.
Kh1 e2 67. h6 Rf1+ 68. Kg2 e1=Q 69. Rxe1 Rxe1 70. h7 Re8 0-1

[Event "Bundesliga 9697"]
[Site "Deutschland"]
[Date "1997.??.??"]
[Round "?.2"]
[White "Emms, John M"]
[Black "Teske, Henrik"]
[Result "1/2-1/2"]
[WhiteElo "2535"]
[BlackElo "2500"]
[PlyCount "33"]
[EventDate "1996.10.??"]
[EventType "team"]
[EventRounds "15"]
[EventCountry "GER"]
[SourceTitle "Bundesliga 9697"]
[Source "DeepChess"]
[SourceDate "2005.01.01"]
[SourceVersion "1"]
[SourceVersionDate "2005.01.01"]
[SourceQuality "1"]
[WhiteTeam "PSV/BSV Wuppertal 1921 e.V."]
[BlackTeam "Dresdner SC 1898"]
[WhiteTeamCountry "GER"]
[BlackTeamCountry "GER"]

1. e4 c6 2. d4 d5 3. Nd2 dxe4 4. Nxe4 Bf5 5. Ng3 Bg6 6. h4 h6 7. Nf3 Nf6 8. Ne5
Bh7 9. Bd3 Bxd3 10. Qxd3 e6 11. Bf4 Qa5+ 12. Bd2 Qa6 13. Qb3 c5 14. O-O-O Nc6
15. Nxc6 Qxc6 16. dxc5 Bxc5 17. Bb4 1/2-1/2

[Event "Bundesliga 9697"]
[Site "Deutschland"]
[Date "1997.??.??"]
[Round "?.3"]
[White "Lanka, Zigurds"]
[Black "Schebler, Gerhard"]
[Result "1/2-1/2"]
[WhiteElo "2575"]
[BlackElo "2435"]
[PlyCount "97"]
[EventDate "1996.10.??"]
[EventType "team"]
[EventRounds "15"]
[EventCountry "GER"]
[SourceTitle "Bundesliga 9697"]
[Source "DeepChess"]
[SourceDate "2005.01.01"]
[SourceVersion "1"]
[SourceVersionDate "2005.01.01"]
[SourceQuality "1"]
[WhiteTeam "Dresdner SC 1898"]
[BlackTeam "PSV/BSV Wuppertal 1921 e.V."]
[WhiteTeamCountry "GER"]
[BlackTeamCountry "GER"]

1. e4 c5 2. Nf3 e6 3. d4 cxd4 4. Nxd4 Nf6 5. Nc3 Nc6 6. Ndb5 d6 7. Bf4 e5 8.
Bg5 a6 9. Na3 b5 10. Nd5 Be7 11. Bxf6 Bxf6 12. c3 Rb8 13. Nc2 Bg5 14. a3 a5 15.
Bd3 Ne7 16. Qe2 Bd7 17. Nce3 Bxe3 18. Nxe3 O-O 19. O-O Qc7 20. Kh1 Qc5 21. Rfc1
Rfc8 22. Qd2 Be6 23. Be2 Rd8 24. Bf3 Bb3 25. Bd1 Be6 26. b4 axb4 27. axb4 Qc6
28. Bf3 Ra8 29. h3 h6 30. Kh2 Ra6 31. Rxa6 Qxa6 32. g3 f6 33. Bg2 Nc8 34. Nd5
Qb7 35. Qd3 Bxd5 36. exd5 Ne7 37. Ra1 Rc8 38. Qe3 Rc7 39. h4 f5 40. Rd1 e4 41.
Qf4 Qb6 42. g4 Rxc3 43. gxf5 Rc2 44. Kg1 e3 45. fxe3 Nxf5 46. Qxf5 Qxe3+ 47.
Kh1 Rxg2 48. Kxg2 Qe2+ 49. Kg3 1/2-1/2

[Event "Bundesliga 9697"]
[Site "Deutschland"]
[Date "1997.??.??"]
[Round "?.4"]
[White "Hausrath, Daniel"]
[Black "Uhlmann, Wolfgang"]
[Result "1/2-1/2"]
[WhiteElo "2425"]
[BlackElo "2480"]
[PlyCount "103"]
[EventDate "1996.10.??"]
[EventType "team"]
[EventRounds "15"]
[EventCountry "GER"]
[SourceTitle "Bundesliga 9697"]
[Source "DeepChess"]
[SourceDate "2005.01.01"]
[SourceVersion "1"]
[SourceVersionDate "2005.01.01"]
[SourceQuality "1"]
[WhiteTeam "PSV/BSV Wuppertal 1921 e.V."]
[BlackTeam "Dresdner SC 1898"]
[WhiteTeamCountry "GER"]
[BlackTeamCountry "GER"]

1. d4 Nf6 2. c4 g6 3. Nc3 Bg7 4. e4 d6 5. f4 O-O 6. Nf3 c5 7. dxc5 Qa5 8. Bd3
Qxc5 9. Qe2 Nc6 10. Be3 Qa5 11. Rc1 Bg4 12. O-O Nd7 13. Qf2 Rfc8 14. Nd2 Nc5
15. Bb1 Nb4 16. Qh4 Bd7 17. Qxe7 Re8 18. Qxd6 Bf8 19. Qd4 Nc6 20. Qd5 Nb4 21.
Qg5 Be7 22. Qg3 Nbd3 23. Bxd3 Nxd3 24. Nb3 Qh5 25. Bd4 Nxc1 26. Rxc1 Bc6 27.
Nd5 Bd8 28. Qf3 Rc8 29. g4 Qh6 30. g5 Qf8 31. Rc3 Qd6 32. Be5 Rxe5 33. fxe5
Qxe5 34. h4 a5 35. Kg2 Bc7 36. Nf6+ Kg7 37. Kf1 a4 38. Nc1 Qe6 39. Ne2 Be5 40.
Nf4 Qd6 41. N4d5 Bxd5 42. Nxd5 b5 43. cxb5 Bxc3 44. bxc3 Kf8 45. b6 Rb8 46. Qf2
Qe5 47. Qc5+ Kg7 48. Qc7 Qxe4 49. Qxb8 Qxd5 50. b7 Qf3+ 51. Kg1 Qe3+ 52. Kf1
1/2-1/2